| 000 | 00911nam a2200217 i 4500 | ||
|---|---|---|---|
| 001 | 84134 | ||
| 003 | ES-MaACL | ||
| 005 | 20230906174943.0 | ||
| 007 | t| | ||
| 008 | 041119s1950 sp ||||1| spa d | ||
| 100 | 1 |
_aIzquierdo Jiménez, Enrique. _965729 |
|
| 245 | 1 | 3 |
_aLo económico, lo social y lo político : _b[conferencia pronunciada en la Escuela Social de Madrid, el día 17 de febrero de 1949] / _cpor Enrique Izquierdo Jiménez. |
| 260 |
_aMadrid : _b[Escuela Social de Madrid], _c1950 ( _fGráf. Barragán) |
||
| 300 |
_a26 p. ; _c24 cm. |
||
| 594 | _aPrecede al tít.: Ministerio de Trabajo. Escuela Social de Madrid. | ||
| 651 | 4 |
_aEspaña- _xSituación económica- _y1939-1955. _9167677 |
|
| 651 | 4 |
_aEspaña- _xSituación social- _y1939-1955. _9167678 |
|
| 651 | 4 |
_aEspaña- _xPolítica y gobierno- _y1939-1955. _9172445 |
|
| 710 | 2 |
_aEscuela Social de Madrid. _93593 |
|
| 852 |
_aES-MaACL _j1920-F-9 |
||
| 999 |
_c84134 _d84134 |
||